00911nam a2200193Ia 4500008004100000020001500041041001200056082001600068100001400084245004400098260002900142300000800171650001600179942000700195999001500202952017000217952016000387952017000547221030s9999 xx 000 0 und d a8187522631 aEnglish a105.23bBan aR. Bangia 0aLearning Power Point 2000cby R. Bangia bKhanna Pub.aDelhic2000 a152 aBE Computer cBK c7272d7272 pBE 3548g50.00l0o105.23 Banr2024-06-13 00:00:00w2022-10-30yBK003Print4070aMIETLIBbMIETLIBcBL-Academic Block C, FL-2, CUP-48, SH-2, R-2d2001-04-0410HBE pBE 3549g50.00l0o105.23 Banr2024-06-13 00:00:00w2022-10-30yBK003Print4071aMIETLIBbMIETLIBcBL-Second, FL-1, CUP-77, SH-1, R-1d2001-04-0410HBE pBE 3550g50.00l0o105.23 Banr2024-06-13 00:00:00w2022-10-30yBK003Print4070aMIETLIBbMIETLIBcBL-Academic Block C, FL-2, CUP-48, SH-2, R-2d2001-04-0410HBE